000 01315nam a2200265Ia 4500
999 _c56244
_d56244
001 23346
003 GE_BSU
005 20260113173607.0
008 181216s1975||||ge |||||||||||||| ||geo||
040 _cGE_BSU
041 _ageo
080 _a94(470)"1682-1725 ნ-21
100 _aნაკაშიძე, ნოდარ
_926662
245 _aპეტრე პირველი :
_b[მეცნ. პოპულ. ნარკვევი] /
_cნოდარ ნაკაშიძე ; რედ.: ლ. ბრეგაძე ; მხატვ.: ჯ. ყაველაშვილი.
264 _aთბილისი :
_bნაკადული,
_c1975.
300 _a123 გვ. ;
_c21 სმ.
541 _h0,48თ.
653 _aისტორია
653 _aმეცნიერ- პოპულარული ნარკვევი ასახავს პეტრე პირველის ცხოვრებასა და მოღვაწეობას
653 _aპეტრე პირველი
653 _a[მეცნ. პოპულ. ნარკვევი]
700 _aბრეგაძე, ლ.
_eრედაქტორი
_919092
700 _aყაველაშვილი, ჯ.
_eმხატვარი
_924719
942 _cBK
_2udc